Loading...
| Fine Arts - Classical Music | 5 | 12.00 | 60% | 20% | 40% |
| Fine Arts - Other Fine Arts | 3 | 20.00 | 100% | 67% | 33% |
| Geography | 3 | 16.67 | 100% | 67% | 0% |
| History - American History | 3 | 20.00 | 100% | 67% | 33% |
| History - European History | 6 | 21.67 | 100% | 83% | 33% |
| History - Other History | 5 | 26.00 | 100% | 100% | 60% |
| History - World History | 6 | 26.67 | 100% | 100% | 67% |
| Literature - American Literature | 6 | 8.33 | 67% | 17% | 0% |
| Literature - British Literature | 6 | 8.33 | 67% | 17% | 0% |
| Literature - European Literature | 7 | 10.00 | 86% | 14% | 0% |
| Literature - World Literature | 6 | 15.00 | 100% | 50% | 0% |
| Mythology | 6 | 20.00 | 100% | 67% | 33% |
| Painting/Sculpture | 1 | 30.00 | 100% | 100% | 100% |
| Philosophy | 2 | 20.00 | 100% | 50% | 50% |
| Pop Culture | 2 | 5.00 | 50% | 0% | 0% |
| Religion | 4 | 20.00 | 100% | 75% | 25% |
| Science - Biology | 6 | 20.00 | 100% | 83% | 17% |
| Science - Chemistry | 3 | 16.67 | 100% | 67% | 0% |
| Science - Other Science | 3 | 20.00 | 100% | 67% | 33% |
| Science - Physics | 5 | 20.00 | 100% | 60% | 40% |
| Social Science | 4 | 15.00 | 100% | 25% | 25% |